000 00996cam a2200205 i 4500
020 _a0309028000
082 0 0 _a629.13634
_bNAT
_cD
245 1 0 _aResearch in airport pavements :
_bproceedings of a conference /
_csponsored by the Federal Aviation Administration, U.S. Department of Transportation, conducted by the Transportation Research Board in conjunction with the Georgia Institute of Technology, and held November 15-17, 1976, in Atlanta, Georgia.
260 _aWashington :
_bNational Academy of Sciences,
_c1978.
300 _aiv, 116 p. :
_bill. ;
_c28 cm.
490 1 _aSpecial report - Transportation Research Board, National Research Council ;
526 _a0
_b0
_c0
_d629_136340000000000_NAT
650 0 _aMCE
_9379
650 0 _aPavements
_xCongresses.
_921178
650 0 _aRunways (Aeronautics)
_xCongresses.
_944369
710 1 _aUnited States.
_921185
710 2 _aGeorgia Institute of Technology.
_944370
710 2 _aNational Research Council (U.S.).
_920017
942 _2ddc
_cBK
999 _c548181
_d548181